| 000 | 00668nam a2200229 4500 | ||
|---|---|---|---|
| 008 | 221208b |||||||| |||| 00| 0 eng d | ||
| 017 | _a0212-169 | ||
| 018 | _a02-02-2012 | ||
| 020 | _a9789789192472 | ||
| 040 |
_aNLN _bEnglish |
||
| 050 |
_aTK7885 _b.Y43 |
||
| 082 | _a621.39 | ||
| 100 |
_aYEKINI, N.A _eaut _920523 |
||
| 245 |
_aComputer upgrading and maintenance / _cN.A Yekini |
||
| 260 |
_aShomolu, Lagos State (61, Apata Street): _bHAS-FEM Nig. Enterprises, _c2012 |
||
| 300 |
_aviii, 138p. : _bill. ; 21cm. |
||
| 500 | _aBibliography: P. 135 | ||
| 563 | _a(Pbk) | ||
| 650 |
_aComputer engineering _916938 |
||
| 700 |
_aOjo, O. _ectb _920524 |
||
| 942 | _cBK | ||
| 999 |
_c10463 _d10463 |
||